| 000 | 01462nam a2200241Ia 4500 | ||
|---|---|---|---|
| 999 |
_c52016 _d52016 |
||
| 001 | 19020 | ||
| 003 | GE_BSU | ||
| 005 | 20210423163011.0 | ||
| 008 | 181216s2013||||ge |||||||||||||| ||geo|| | ||
| 040 | _cGE_BSU | ||
| 041 | _ageo | ||
| 080 | _a82 თ-17 | ||
| 100 |
_aთავდგირიძე, მანანა _911580 |
||
| 245 |
_aმხატვრული აზროვნების განვითარება XX საუკუნის პირველი ნახევრის აჭარაში / _cმანანა თავდგირიძე; სამეცნიერო ხელმძღვანელი მალხაზ ჩოხარაძე; ბათუმის შოთა რუსთაველის სახ-ფო უნ-ტი. |
||
| 264 |
_aბათუმი _c2013. |
||
| 300 |
_a173 გვ.; _b30 სმ. |
||
| 653 | _aდისერტაცია | ||
| 653 | _aლიტმცოდნეობა | ||
| 653 | _aმხატვრული აზროვნების განვითარება XX საუკუნის პირველი ნახევრის აჭარაში. | ||
| 700 |
_aჩოხარაძე, მალხაზ _eსამეცნიერო ხელმძღვანელი _911581 |
||
| 710 |
_aბათუმის შოთა რუსთაველის სახ-ფო უნ-ტი. _911582 |
||
| 942 |
_cBK _2udc |
||